Statystyki dla Filmy Quentina Tarantino

Kliknij tutaj aby rozwiązać quiz!

Ogólne statystyki

  • Ten quiz został rozwiązany 63 razy
  • Średni wynik to 7 z 13

Statystyki odpowiedzi

RokTytuł Filmu% Poprawnych
1994Pulp Fiction
90%
2019Pewnego razu... w Hollywood
80%
2012Django
75%
2003Kill Bill
73%
2004Kill Bill II
73%
2009Bękarty wojny
68%
2015Nienawistna ósemka
59%
1992Wściekłe psy
56%
1997Jackie Brown
42%
2007Grindhouse: Death Proof
31%
1995Cztery pokoje
25%
2005Sin City: Miasto grzechu
17%
1987My Best Friend’s Birthday
7%

Rozkład punktacji

Percentyl według liczby udzielonych odpowiedzi

Procent ludzi z każdym wynikiem

Twoja historia wyników

Nie rozwiązałeś tego quizu